1st Integer with the Letter... Quiz Stats

 Plays Quiz Updated Sep 19, 2018

Score 0/24 Timer 06:00
5 Plays Today
Letter Integer % Correct
b1,000,000,000
82.2%
f4
81.8%
t2
77.1%
s6
73.7%
a101 (or 1000)
73.3%
n1
70.8%
e0
70.3%
i5
69.7%
o0
69.6%
h3
69.6%
v5
66.3%
z0
66.3%
Letter Integer % Correct
r0
66%
w2
65%
m1,000,000
64.6%
u4
64.6%
l11
63.9%
x6
62.6%
g8
62.1%
y20
60.2%
d100
55.4%
q1,000,000,000,000,000
38.3%
p1,000,000,000,000,000,000,000,000
22%
c1,000,000,000,000,000,000,000,000,000
21.7%

You're not logged in!

Compare scores with friends on all Sporcle quizzes.
OR
Log In

Sporcle TV

Today on Sporcle TV


Watch our educational content, quiz creation guides, and fun videos on Sporcle TV.

Show Comments

Extras

Top Quizzes Today


Score Distribution

Your Account Isn't Verified!

In order to create a playlist on Sporcle, you need to verify the email address you used during registration. Go to your Sporcle Settings to finish the process.

Report this User

Report this user for behavior that violates our Community Guidelines.

Details: